Guess the dsmp member based off of images. - Statistics

General Stats
  • This quiz has been taken 870 times
  • The average score is 11 of 12
Answer Stats
Picture Answer % Correct
dream
99%
tubbo
99%
tommy
98%
wilbur
97%
sapnap
95%
george
94%
quackity
93%
karl
85%
badboyhalo
80%
skeppy
79%
ranboo
75%
technoblade
66%
No matching quizzes found
Score Distribution
Percent of People with Each Score
Percentile by Number Answered
Your Score History
You have not taken this quiz